000 00358nam a2200157Ia 4500
100 _aCunningham/ Stuller
650 _aElectrical Engineering
942 _cBK
654 _acircuit Analysis
245 _aBasic circuit Analysis
260 _bJaico Pub
_aBombay
_c1996
082 _a621.3192
_bCUM/ST
300 _a881
546 _aENGLISH
999 _c33166
_d33166